Statistics for Ireland Country Quiz

Click here to take the quiz!

General Stats

  • This quiz has been taken 30 times
  • The average score is 9 of 15

Answer Stats

HintAnswer% Correct
Capital cityDublin
100%
Official languageEnglish
100%
Patron saint of IrelandSaint Patrick
100%
Other official languageIrish
96%
National symbol for Ireland (Plant)Shamrock
96%
National symbol for Ireland (Object)Harp
75%
Period of history during the 20th century with many bombs and soldiers in Northern IrelandThe Troubles
71%
Group of people who settled Ireland in the 5th to 6th centuries BCCelts
61%
Treaty that ended the fighting in Northern IrelandGood Friday Agreement
54%
Celtic sport played in Ireland with sticks and sliotarsHurling
50%
Latin name for IrelandHibernia
36%
Man who liberated Ireland from the EnglishMichael Collins
32%
Area around modern-day Dublin first invaded by the EnglishThe Pale
32%
Current president of IrelandMichael D Higgins
29%
English king who first invaded IrelandHenry II
14%

Score Distribution

Percentile by Number Answered

Percent of People with Each Score

Your Score History

You have not taken this quiz